| 000 | 00906cad a22002055a 4500 | ||
|---|---|---|---|
| 001 | L155193 | ||
| 008 | 120309e20120202xxk f 000 0 eng d | ||
| 035 | _a(Sirsi) u155193 | ||
| 041 | 0 | _aeng | |
| 110 | 2 |
_aMarkit _95915 |
|
| 245 | 0 | 0 |
_aGrowth of construction sector activity accelerates to 11-month high _h[electronic resource] |
| 260 | _c2012 | ||
| 490 |
_aMarkit/CIPS UK Construction PMI News Release _v2 March 2012 |
||
| 520 | _aKey points from Markit/CIPS UK Construction PMI are: stronger expansion of new business supports rise in output; employment falls, but only marginally; business confidence reaches a nine-month high. | ||
| 590 | _aKA | ||
| 651 | 4 |
_aUnited Kingdom _y |
|
| 690 |
_aConstruction management _96230 |
||
| 856 | 4 | 0 |
_uhttps://www.markiteconomics.com/MarkitFiles/Pages/ViewPressRelease.aspx?ID=9250 _zView the news release free of charge at www.markiteconomics.com |
| 942 | _n0 | ||
| 999 |
_c113384 _d113384 |
||